Non è giusto! (Record n. 210657)
[ formato base ]
| 000 -LEADER | |
|---|---|
| campo di controllo lung. fissa | 01733nam a2200241Ia 4500 |
| 001 - Numero di controllo | |
| campo di controllo | b6391-45645 |
| 003 - Identificatore del numero di controllo | |
| campo di controllo | IT-MiCISF |
| 005 - Data e orario dell'ultima transazione | |
| campo di controllo | 20230314121421.0 |
| 008 - Elementi di lunghezza fissa--Informazione generale | |
| campo di controllo lung. fissa | 161014s9999||||xx |||||||||||||| ||und|| |
| 040 ## - Fonte della catalogazione | |
| Agenzia catalografica originale | IT-MiCISF |
| Agenzia che fa la trascrizione | IT-MiCISF |
| 041 ## - Codice di lingua | |
| Codice di lingua del testo/traccia sonora o titolo separato | it |
| 100 ## - Accesso principale -- nome di persona | |
| Nome di persona | Ronfani Paola (a cura di) |
| 9 (RLIN) | 59693 |
| 245 #0 - Formulazione del titolo | |
| Titolo | Non è giusto! |
| Complemento del titolo | Dilemmi morali e senso della giustizia nelle rappresentazioni degli adolescenti |
| 260 ## - Pubblicazione, distribuzione, ecc. (stampa) | |
| Luogo di pubblicazione, distribuzione, ecc. | Roma, |
| Nome dell'editore, distributore, ecc. | Donzelli, |
| Data di pubblicazione, distribuzione, ecc. | 2007 |
| 300 ## - Descrizione fisica | |
| Estensione | pp. 169 |
| 500 ## - Nota generale | |
| Nota generale | adolescenza, norme-morali, sviluppo-morale, infanzia, filosofia |
| 520 ## - Riassunto, ecc. | |
| Nota di riassunto, ecc. | Il volume affronta il tema dei sentimenti e delle rappresentazioni degli adolescenti in merito a questioni di giustizia, all'attribuzione di responsabilità nei confronti dell'ingiustizia e al suo grado di tollerabilità. L'obiettivo è quello di gettare luce sulla concezione «popolare» della giustizia propria dei bambini e degli adolescenti, facendo riferimento ai più recenti orientamenti in ambito psicologico e sociologico, secondo i quali essi sono attori sociali che posseggono specifiche competenze nel formulare giudizi morali e nell'assumere decisioni etiche. In particolare, è nell'adolescenza che i concetti di giustizia e ingiustizia assumono una valenza operativa molto importante, perché è questo il periodo in cui i valori che vi sottostanno possono indurli a prendere impegni di natura civica. L'argomento è esaminato attraverso un'approfondita analisi degli studi teorici ed empirici in materia e con un'indagine ad hoc realizzata su un campione di adolescenti italiani. |
| 650 ## - Accesso aggiunto di soggetto--termine topico | |
| Termine topico o nome geografico come accesso | età-evolutiva |
| Termine di ruolo | 009 |
| 9 (RLIN) | 56123 |
| 654 ## - Accesso aggiunto di soggetto--termini topici faccettati | |
| Termine principale | saggio |
| 700 ## - Accesso aggiunto--nome di persona | |
| Nome di persona | Bosisio R., Cammarata R., Tincani P. |
| 9 (RLIN) | 59694 |
| 942 ## - Dati aggiuntivi (Koha) | |
| Tipo copia default (Koha) | LIBRO |
| Fonte della classificazione o dello schema di collocazione (segnatura) | Dewey Decimal Classification |
| 999 ## - Sys Number locale (Koha) | |
| Koha Dewey Subclass [OBSOLETE] | si |
| Ritirato (status) | Perso (status) | Danneggiato (status) | Non per il presito | Biblioteca proprietaria | Biblioteca in cui si trova | Data d'acquisizione | Totale prestiti | Collocazione | Data ultima operazione | Prezzo in vigore dal | Tipo copia default (Koha) | Nota pubblica |
|---|---|---|---|---|---|---|---|---|---|---|---|---|
| Buone Condizioni | Not For Loan | CISF - Milano | CISF - Milano | 14/10/2016 | b6391-45645 | 14/10/2016 | 14/10/2016 | LIBRO | Data import 15.10.2016 / by Epidotti, Vaglietti |